Statistics for UK Best Selling Cars 1970's

Click here to take the quiz!

General Stats

  • This quiz has been taken 81 times
  • The average score is 6 of 10

Answer Stats

PostionManufacturerAnswer% Correct
2FordEscort
86%
1FordCortina
76%
3Austin/MorrisMini
76%
7AustinAllegro
60%
8FordCapri
59%
4MorrisMarina
57%
5VauxhallViva
52%
9HillmanAvenger
46%
10AustinMaxi
40%
6Austin1100/1300
37%

Score Distribution

Percentile by Number Answered

Percent of People with Each Score

Your Score History

You have not taken this quiz